Pantun & gurindam untuk majlis rasmi & perkahwinan

Bibliographic Details
Main Authors: Abdullah Hassan (Author), Ainon Mohd (Author), Dato' Aripin Said (Author)
Format: Book
Published: Selangor, Malaysia : Publishing House Sdn Bhd 2019
Subjects:

MARC

LEADER 00000cam a2200000 7i4500
001 0000091801
005 20230706090402.0
008 230706
020 |a 9789674812492 (  |q (paperback)) 
040 |e rda 
041 |a Malay 
090 0 0 |a 899.231   |b ABD 
100 1 |a Abdullah Hassan ,   |e (author) 
245 1 0 |a Pantun & gurindam untuk majlis rasmi & perkahwinan   |c Abdullah Hassan 
264 1 |a Selangor, Malaysia :   |b Publishing House Sdn Bhd   |c 2019 
300 |a 293 pages ;   |c 22.3 cm. 
336 |a text  |2 rdacontent 
337 |a unmediated  |2 rdamedia 
338 |a volume  |2 rdacarrier 
541 |c Donation 
650 0 |a Malay poetry 
650 0 |a Pantoums 
700 1 |a Ainon Mohd. ,   |e (author) 
700 1 |a Dato' Aripin Said ,   |e (author) 
730 0 |a Title 
999 |a 0001729082   |b Book   |c Adult Collection   |e Perbadanan Perpustakaan Awam Johor 
999 |a 0001729083   |b Book   |c Adult Collection   |e Cawangan Pontian 
999 |a 0001729084   |b Book   |c Adult Collection   |e Cawangan Sri Merlong 
999 |a 0001729085   |b Book   |c Adult Collection   |e Cawangan Batu Pahat